000 01772nam0a2200373 4500
001 RU\NLR\bibl\267682
005 20260405122707.0
010 _a5-86476-179-6
_92000
021 _aRU
_b2001-65630
_93194
035 _a(NLR Aleph) 000263248
090 _a1538097
_c1538097
100 _a20020517d2001 |||y0rusy50 ca
101 0 _arus
102 _aRU
105 _ay |||||||||
200 1 _aВысшие органы государственной власти стран Латинской Америки
_e(учебное пособие)
_fА. Г. Орлов
_gМоск. гос. ин-т междунар. отношений (ун-т) МИД РФ
210 _aМ.
_cАнкил
_d2001
215 _a148, [2] с.
_d21
606 0 _aОрганы государственной власти
_jРуководства, пособия и т.п.
_yЛатиноамериканские страны
_92248800
_3RU\NLR\auth\661349013
606 0 _aОрганы государственной власти
_jУчебные издания для высшей школы
_yЛатиноамериканские страны
_92248800
_3RU\NLR\auth\661349013
610 0 _aОрганы государственной власти
610 0 _aЛатинская Америка, органы гос. власти
675 _a342.5(8=134)(075.8)
_v3
_zrus
686 _a10.15
_2rugasnti
686 _a67.400.6я73
_2rubbk
686 _aХ809(70)6я73
700 1 _4070
_8rus
_7ca
_aОрлов
_bА. Г.
_cканд. юрид. наук
_gАнатолий Георгиевич
_3RU\NLR\auth\7748498
_931433
801 0 _aRU
_bRKP
_c20020517
_gPSBO
801 1 _aRU
_bRKP
_c20020517
801 2 _aRU
_bNLR
_c20070219
_grcr
942 _cBOOK
980 _aNB